00752nam a2200217Ia 45000010006000000050017000060080041000230350024000640400027000880200035001150200032001500350021001821000041002032450054002442600038002983000027003365040051003636500033004146100037004476510050004845057420230411090003.0070821s2007 nyu b 001 0 eng d a(OCoLC)ocn166244514 aBKLcBKLdBAKERdYDXCP a9780143038863 (pbk.) :c$15.00 a0143038869 (pbk.) :c$15.00 a(OCoLC)1662445141 aDean, John W.q(John Wesley),d1938-10aConservatives without conscience /cJohn W. Dean. aNew York :bPenguin Books,c2007. axlii, 256 p. ;c22 cm. aIncludes bibliographical references and index. 0aConservatismzUnited States.20aRepublican Party (U.S. : 1854- ) 0aUnited StatesxPolitics and governmenty2001-